How to fight the drug menace / (Record no. 270)

MARC details
000 -LEADER
fixed length control field 00461nam a22001697a 4500
003 - CONTROL NUMBER IDENTIFIER
control field GBCCL
005 - DATE AND TIME OF LATEST TRANSACTION
control field 20241126110334.0
008 - FIXED-LENGTH DATA ELEMENTS--GENERAL INFORMATION
fixed length control field 161012b xxu||||| |||| 00| 0 eng d
040 ## - CATALOGING SOURCE
Transcribing agency GBC
082 ## - DEWEY DECIMAL CLASSIFICATION NUMBER
Classification number 178
Item number GAR
100 10 - MAIN ENTRY--PERSONAL NAME
Personal name Garmon, William S and Strickland, Phil
9 (RLIN) 169
245 ## - TITLE STATEMENT
Title How to fight the drug menace /
Statement of responsibility, etc. William S. Garmon
260 ## - PUBLICATION, DISTRIBUTION, ETC.
Place of publication, distribution, etc. Tennesse:
Name of publisher, distributor, etc. Broadman Press,
Date of publication, distribution, etc. c1970
300 ## - PHYSICAL DESCRIPTION
Extent 127p.
Dimensions 20cm.
650 ## - SUBJECT ADDED ENTRY--TOPICAL TERM
Topical term or geographic name entry element Psychology
9 (RLIN) 120
942 ## - ADDED ENTRY ELEMENTS (KOHA)
Source of classification or shelving scheme Dewey Decimal Classification
Koha item type Books
Koha issues (borrowed), all copies 1
Holdings
Withdrawn status Lost status Source of classification or shelving scheme Damaged status Not for loan Home library Current Library Shelving location Date acquired Total checkouts Full call number Barcode Date last seen Date last checked out Copy number Price effective from Koha item type
    Dewey Decimal Classification     GRACE BIBLE COLLEGE GRACE BIBLE COLLEGE Philosophy and Religion 2016-10-12 2 178 GAR;1 008573 2025-05-01 2024-07-16 c.2 2016-10-12 Books
    Dewey Decimal Classification     GRACE BIBLE COLLEGE GRACE BIBLE COLLEGE Philosophy and Religion 2018-02-23   178 GAR 008195 2025-05-01   c.1 2018-02-23 Books
© Grace Bible College Library 2025